<?xml version="1.0" encoding="UTF-8"?>
<record
    xmlns:xsi="http://www.w3.org/2001/XMLSchema-instance"
    xsi:schemaLocation="http://www.loc.gov/MARC21/slim http://www.loc.gov/standards/marcxml/schema/MARC21slim.xsd"
    xmlns="http://www.loc.gov/MARC21/slim">

  <leader>02117nam a22003255a 4500</leader>
  <controlfield tag="001">1665673</controlfield>
  <controlfield tag="003">OSt</controlfield>
  <controlfield tag="005">20210826130650.0</controlfield>
  <controlfield tag="008">201109s2020    ck     gr     000 i spa d</controlfield>
  <datafield tag="020" ind1=" " ind2=" ">
    <subfield code="a">9789584287199</subfield>
  </datafield>
  <datafield tag="040" ind1=" " ind2=" ">
    <subfield code="a">CO-BoBLA </subfield>
    <subfield code="b">spa </subfield>
    <subfield code="c">CO-BqBPB</subfield>
    <subfield code="e">rda</subfield>
  </datafield>
  <datafield tag="041" ind1="0" ind2=" ">
    <subfield code="a">spa</subfield>
  </datafield>
  <datafield tag="082" ind1="0" ind2="4">
    <subfield code="a">866.6 </subfield>
    <subfield code="b">C14c </subfield>
    <subfield code="2">21 ed.</subfield>
  </datafield>
  <datafield tag="100" ind1="1" ind2=" ">
    <subfield code="a">Caicedo Estela, Andr&#xFFFD;s, </subfield>
    <subfield code="d">1951-1977.</subfield>
  </datafield>
  <datafield tag="245" ind1="1" ind2="0">
    <subfield code="a">Correspondencia 1974-1977 / </subfield>
    <subfield code="c">Andr&#xE9;s Caicedo Estela ; edici&#xF3;n a cargo de Luis Ospina y Sandro Romero Rey.</subfield>
  </datafield>
  <datafield tag="264" ind1=" " ind2="4">
    <subfield code="a">Bogot&#xE1; : </subfield>
    <subfield code="b">Editorial Planeta Colombiana, Seix Barral, </subfield>
    <subfield code="c">2020.</subfield>
  </datafield>
  <datafield tag="300" ind1=" " ind2=" ">
    <subfield code="a">510 p&#xFFFD;ginas ; </subfield>
    <subfield code="c">24 cm.</subfield>
  </datafield>
  <datafield tag="336" ind1=" " ind2=" ">
    <subfield code="a">texto </subfield>
    <subfield code="b">txt [</subfield>
    <subfield code="2">rdacontent]</subfield>
  </datafield>
  <datafield tag="337" ind1=" " ind2=" ">
    <subfield code="a">sin mediaci&#xF3;n </subfield>
    <subfield code="b">n [</subfield>
    <subfield code="2">rdamedia.]</subfield>
  </datafield>
  <datafield tag="338" ind1=" " ind2=" ">
    <subfield code="a">volumen </subfield>
    <subfield code="b">nc [</subfield>
    <subfield code="2">rdacarrier.]</subfield>
  </datafield>
  <datafield tag="500" ind1=" " ind2=" ">
    <subfield code="a">CORRESPONDENCIA 1974-1977
En este segundo volumen de la correspondencia de Andr&#xE9;s Caicedo los lectores descubrir&#xE1;n los a&#xF1;os finales de un escritor que intent&#xF3;, por todos los medios, entablar un di&#xE1;logo desde la lucidez, pero tambi&#xE9;n desde la soledad y la desesperaci&#xF3;n que termin&#xF3; por llevarlo al suicidio en marzo de 1977.
&#xBF;Las cartas forman parte de su obra o es preferible destruirlas antes que dejar pistas para la posteridad de los secretos develados a sus destinatarios? &#xBF;Por qu&#xE9; los muertos siguen publicando?

Las explicaciones no son tan simples y no siempre hay que encontrarlas en el oportunismo editorial. Los ejemplos abundan en la misma cantidad con que se multiplican ciertos escritores difuntos, convertidos en aquello que se ha dado a llamar &#x201C;escritores de culto&#x201D;. Y el misterio de sus publicaciones p&#xF3;stumas terminar&#xE1; formando parte de su acervo literario. Al interior del acertijo de las obras p&#xF3;stumas se encuentra el desaf&#xED;o de la publicaci&#xF3;n de su correspondencia.</subfield>
  </datafield>
  <datafield tag="504" ind1=" " ind2=" ">
    <subfield code="a">Incluye bibliograf&#xED;a.</subfield>
  </datafield>
  <datafield tag="600" ind1="1" ind2="4">
    <subfield code="a">Caicedo Estela, Andr&#xFFFD;s, </subfield>
    <subfield code="d">1951-1977</subfield>
    <subfield code="x"> Correspondencia, memorias, etc.</subfield>
  </datafield>
  <datafield tag="650" ind1=" " ind2="4">
    <subfield code="a">Cartas colombianas.</subfield>
  </datafield>
  <datafield tag="650" ind1=" " ind2="4">
    <subfield code="a">Autores colombianos.</subfield>
  </datafield>
  <datafield tag="700" ind1="1" ind2=" ">
    <subfield code="a">Ospina, Luis, </subfield>
    <subfield code="e">edici&#xFFFD;n.</subfield>
  </datafield>
  <datafield tag="700" ind1="1" ind2=" ">
    <subfield code="a">Romero Rey, Sandro, </subfield>
    <subfield code="e">edici&#xF3;n.</subfield>
  </datafield>
  <datafield tag="942" ind1=" " ind2=" ">
    <subfield code="2">ddc</subfield>
    <subfield code="c">BK</subfield>
  </datafield>
  <datafield tag="949" ind1=" " ind2=" ">
    <subfield code="a"> c        </subfield>
    <subfield code="b"> c</subfield>
  </datafield>
  <datafield tag="999" ind1=" " ind2=" ">
    <subfield code="c">13730</subfield>
    <subfield code="d">13730</subfield>
  </datafield>
  <datafield tag="952" ind1=" " ind2=" ">
    <subfield code="0">0</subfield>
    <subfield code="1">0</subfield>
    <subfield code="2">ddc</subfield>
    <subfield code="4">2</subfield>
    <subfield code="7">0</subfield>
    <subfield code="8">GEN</subfield>
    <subfield code="a">BPMOS</subfield>
    <subfield code="b">BPMOS</subfield>
    <subfield code="d">2021-08-26</subfield>
    <subfield code="l">4</subfield>
    <subfield code="m">1</subfield>
    <subfield code="o">866.6  C14c </subfield>
    <subfield code="p">MOS501482</subfield>
    <subfield code="r">2025-11-25</subfield>
    <subfield code="s">2025-11-25</subfield>
    <subfield code="t">ej 1</subfield>
    <subfield code="w">2021-08-26</subfield>
    <subfield code="y">BK</subfield>
    <subfield code="z">Ocho dias</subfield>
  </datafield>
</record>
